| 000 | 02834nam a22003257a 4500 | ||
|---|---|---|---|
| 001 | EPSCPA 0001 | ||
| 003 | gtcocun | ||
| 005 | 20250820165129.0 | ||
| 006 | a||||gr|||| 00| 0 | ||
| 007 | ta | ||
| 008 | 250820b2010 gt ||||| m||| 00| 0 eng d | ||
| 040 |
_agtcocun _bSPA _cgtcocun _eRDA |
||
| 041 | _aSPA EPSCPA 0001 | ||
| 084 | _0EPSCPA 0001 | ||
| 100 |
_aVeliz Cruz, Marvin David _eAutor |
||
| 245 |
_aINFORME FINAL DEL EJERCICIO PROFESIONAL SUPERVISADO REALIZADO EN MERCY CORPS (ONG)/ _cMarvin David Veliz Cruz. _hImpreso |
||
| 264 |
_aCobán, Alta Verapaz: _bUniversidad de San Carlos de Guatemala, Centro Universitario del Norte, Carrera de Contaduría Pública y Auditoría _c2010 |
||
| 300 |
_a97 p.: _bIlustraciones, gráficas. _c28 cm; |
||
| 336 |
_2rdacontenido _aTexto _btxt |
||
| 337 |
_2rdamedio _aComputadora _bn |
||
| 338 |
_2rdasoporte _aCódigo en línea _bcr |
||
| 502 | _eEPSCPA 0001 | ||
| 502 |
_aTesis de grado _bCarrera de Contaduría Pública y Auditoría, _cUniversidad de San Carlos de Guatemala, Centro Universitario del Norte, Carrera de Contaduría Pública y Auditoría _d2010 _oEPSCPA 0001 |
||
| 520 | 1 | 4 | _aEl Ejercicio Profesional Supervisado fue realizado en la Organización No Gubernamental denominada Mercy Corps, la cual es una organización de ayuda social dedicada fundamentalmente a proveer las herramientas necesarias a las comunidades más necesitadas para que estas puedan mejorar su calidad y nivel de vida. La investigación se inició por medio de un Diagnostico Organizacional por medio del cual se pudieron visualizar los Departamentos de la organización a los cuales que tenían mayores problemas, para posteriormente poder seleccionar al de mayor problemática, jerarquizar y buscar solución a los mayores problemas que este tuviera. Una vez realizada la jerarquización se procedió a iniciar la búsqueda de soluciones para lo cual se elaboró un plan de trabajo que incluía un cronograma de actividades a realizar, dentro de las actividades realizadas están: Análisis de las causas de la problemática, análisis del programa contable utilizado, determinación del estatus fiscal y legal de la organización, diseño de herramientas como solución a la problemática y su respectivo piloto entre otros. Finalmente como respuesta a la problemática detectada se desarrollo una herramienta que permitirá a la organización minimizar radicalmente los tiempos de ingreso y procesamiento de su información contable. |
| 650 | 1 | 4 |
_2LEMB _aCobán, Alta Verapaz _xAuditoría _xOrganización _xDiagnóstico organizacional _xPlan de trabajo _xEstatus fiscal |
| 700 |
_aLic. CPA. Edin Armando Leal Herrera _eAsesor |
||
| 856 |
_uSin registro en línea _zSin registro en línea |
||
| 942 |
_2ddc _cTES _iEPSCPA 0001 _kClasificación _n0 _6EPSCPA_0001_000000000000000 |
||
| 999 |
_c1224 _d1224 |
||